| 000 | 01414nam a2200229Ia 4500 | ||
|---|---|---|---|
| 999 |
_c56500 _d56500 |
||
| 001 | 23613 | ||
| 003 | GE_BSU | ||
| 005 | 20191029105251.0 | ||
| 008 | 181216s2017||||ge |||||||||||||| ||geo|| | ||
| 020 | _a9789941462740 | ||
| 041 | _ageo | ||
| 080 | _a624.131.71 ქ-56 | ||
| 100 |
_aქიქავა, თეიმურაზ. _92252 |
||
| 245 |
_aმეთოდური მითითებები ლაბორატორიული სამუშაოების შესასრულებლად გრუნტების მექანიკაში / _cთ.ქიქავა ; რედ : გიზო ფარცხალაძე . |
||
| 264 |
_aბათუმი : _bბათუმის შოთა რუსთაველის სახ. უნ-ტი, _c2017. |
||
| 300 |
_a64 გვ .: _b ილ ; _c21 სმ. |
||
| 504 | _aბიბლიოგრ. გვ.63 | ||
| 653 | _aგრუნტების ფიზიკურ-მექანიკური მახასიათებლები. | ||
| 653 | _aმეთოდური მითითებები ლაბორატორიული სამუშაოების შესასრულებლად გრუნტების მექანიკაში. | ||
| 700 |
_aფარცხალაძე, გიზო _eრედაქტორი _91753 |
||
| 942 |
_cBK _2udc |
||